|
|
|
|
| LEADER |
00954pam a22002418a 4500 |
| 001 |
00019804 |
| 005 |
20171026081022.0 |
| 008 |
110508s1994 ||||||Viesd |
| 041 |
0 |
# |
|a Vie
|
| 082 |
1 |
# |
|a 895.922 4
|b C450X
|
| 100 |
0 |
# |
|a Thúy Toàn
|
| 245 |
0 |
0 |
|a Cỗ xe tam mã Nga
|b Tiểu luận, bút ký về giao lưu văn hóa Việt Nga
|c Thúy Toàn
|
| 260 |
# |
# |
|a H.
|b Văn học
|c 1994
|
| 300 |
# |
# |
|a 395 tr.
|c 19 cm.
|
| 650 |
|
|
|a Bút ký
|
| 650 |
|
|
|a Văn học hiện đại
|
| 650 |
|
|
|a Tiểu luận
|
| 852 |
# |
# |
|b Kho mượn
|j KM.0005031, KM.0005055, KM.0005057, KM.0005058, KM.0009247, KM.0009248, KM.0009246
|
| 852 |
# |
# |
|b Kho đọc
|j KD.0004892
|
| 852 |
# |
# |
|j KD.0004892
|j KM.0005031
|j KM.0005055
|j KM.0005057
|j KM.0009247
|j KM.0009246
|j KM.0005058
|j KM.0009248
|
| 852 |
# |
# |
|b Thư viện
|j KD.0004892
|
| 910 |
|
|
|d 08/05/2011
|
| 980 |
# |
# |
|a Trung tâm Học liệu Lê Vũ Hùng, Trường Đại học Đồng Tháp
|